[Event "Turkish Bank Chess League 2012"]
[Site "Konya TUR"]
[Date "2012.07.18"]
[Round "9"]
[White "Shimanov, A."]
[Black "Mamedov, Rau"]
[Result "1/2-1/2"]
[WhiteElo "2606"]
[BlackElo "2628"]
[PlyCount "60"]
[EventDate "2012.07.11"]
[SourceDate "1999.07.01"]
[WhiteTeam "Manisa T.S Alyans"]
[BlackTeam "Besiktas Jimnastik"]

1. d4 Nf6 2. c4 g6 3. Nc3 Bg7 4. e4 d6 5. f3 O-O 6. Be3 c5 7. dxc5 dxc5 8. Qxd8
Rxd8 9. Bxc5 Nc6 10. Nge2 Nd7 11. Be3 Nde5 12. Nf4 b6 13. Rc1 Ba6 14. b3 e6 15.
Be2 Nd4 16. O-O Nec6 17. Rf2 f5 18. Nb5 Rd7 19. Bf1 Rad8 20. Re1 Kf7 21. Bc1
Nb4 22. exf5 exf5 23. Bb2 Ndc2 24. Rb1 Bxb2 25. Rxb2 Ne3 26. a3 Nc6 27. Nc3 Nd1
28. Nxd1 Rxd1 29. Nd5 Ra1 30. Ra2 Rb1 1/2-1/2

[Event "TCh-SUI National A 2012"]
[Site "Switzerland SUI"]
[Date "2012.06.24"]
[Round "5.2"]
[White "Edouard, R."]
[Black "Gallagher, Jo"]
[Result "1-0"]
[WhiteElo "2607"]
[BlackElo "2502"]
[PlyCount "111"]
[EventDate "2012.03.18"]
[SourceDate "1999.07.01"]
[WhiteTeam "Geneve 1"]
[BlackTeam "Reti 1"]

1. d4 Nf6 2. c4 g6 3. Nc3 Bg7 4. e4 d6 5. f3 O-O 6. Be3 c5 7. Nge2 Nc6 8. d5
Ne5 9. Ng3 e6 10. Be2 exd5 11. cxd5 a6 12. a4 Bd7 13. h3 b5 14. f4 Nc4 15. Bxc4
bxc4 16. O-O Rb8 17. Qd2 Re8 18. Rae1 h5 19. e5 dxe5 20. fxe5 Rxe5 21. Bf4 Rxe1
22. Rxe1 h4 23. Bxb8 Qxb8 24. Nge2 Bf5 25. Qf4 Qxb2 26. d6 Bd3 27. Qe3 Qb7 28.
Qxc5 Bf8 29. Qc7 Qb4 30. Rf1 Bf5 31. Rf4 Bxd6 32. Rxc4 Bxc7 33. Rxb4 g5 34. Kf1
Kg7 35. Rc4 Be5 36. Rc5 Nd7 37. Rc6 Nb8 38. Rb6 Bc7 39. Rb7 Be5 40. Ke1 Bd7 41.
Kf2 Bc6 42. Rb4 Nd7 43. Rc4 Bb7 44. Nd4 a5 45. Nce2 Bd5 46. Rc1 Kf6 47. Rb1 Bc7
48. Rb5 Ba8 49. Nc3 Kg6 50. Nd5 Bd8 51. Kf1 Nf6 52. Rb8 Bxd5 53. Rxd8 Bc4+ 54.
Kg1 Ne4 55. Ra8 Kf6 56. Rxa5 1-0